00262nam a2200109Ia 4500008004100000100002200041245003600063250000800099260002900107300000800136650000800144191201s1991 xx 000 0 und d aSHEPHERD, William 0aPublic Policies toward Business a8th aUSAbSouth Westernc1991 a452 aMBA